000 01198nam a22002297a 4500
005 20220411163504.0
008 220314b ||||| |||| 00| 0 eng d
020 _a9789354244681
040 _cAL
041 _aeng
082 _223
_a530
_bKRAM
100 _aKenneth S Krane
_923530
245 _aModern Physics
250 _a4th ed.
260 _aNew Delhi
_bWiley
_c2021
300 _avi,629p.
_bPB
_c25.5x20cm.
365 _2General
_a6286
_b₹679.20
_c
_d₹849.00
_e20%
_f07/03/2022
520 _aThis Indian adaptation of the fourth edition of the book has been developed focusing on addition of new topics, and restructuring some of the existing concepts to make it a better-fit textbook for Indian universities. The section on the Schrödinger equation has been updated with more mathematical rigorous treatment. The section on Hydrogen Atom wave functions has been extended with detailed solutions of radial and Angular parts of the Schrödinger equation through new solved examples. The br>Chapter on solid state Physics now has extended discussion on crystal structures and lattice vibrations.
650 _2Physics
700 _aDahiya, Mamta; et.al
_923531
942 _2ddc
_cBK
999 _c221847
_d221847